书目信息 |
| 题名: |
工程物理学
|
|
| 作者: | 诸葛向彬 主编 | |
| 分册: | ||
| 出版信息: | 杭州 浙江大学出版社 2003 |
|
| 页数: | 513页 | |
| 开本: | 26cm | |
| 丛书名: | ||
| 单 册: | ||
| 中图分类: | TB13 | |
| 科图分类: | ||
| 主题词: | 工程物理学--高等学校--教材 | |
| 电子资源: | ||
| ISBN: | 7-308-03254-X | |
| 000 | 00897nam0 2200265 450 | |
| 001 | 070023491140 | |
| 005 | 20050913164037.23 | |
| 010 | @a7-308-03254-X@dCNY51.00 | |
| 100 | @a20040317e2003 ekmy0chiy0120 ea | |
| 101 | 0 | @achi |
| 102 | @aCN@b330000 | |
| 105 | @aak az 001yy | |
| 200 | 1 | @a工程物理学@Agong cheng wu li xue@f诸葛向彬主编@Fzhu ge xiang bin zhu bian |
| 205 | @a2版 | |
| 210 | @a杭州@c浙江大学出版社@d2003 | |
| 215 | @a513页@c图@d26cm | |
| 300 | @a新世纪高等院校本科精品教材·公共基础类 | |
| 300 | @a浙江省高等教育重点建设教材 | |
| 320 | @a有书目及索引 | |
| 330 | @a本书共分为28章,内容包括:质点运动学,动量、动量守恒定律,能量、能量守恒定律,角动量、角动量守恒定律,刚体力学,万有引力,相对论等。 | |
| 606 | 0 | @a工程物理学@x高等学校@x教材 |
| 690 | @aTB13@v4 | |
| 701 | 0 | @a诸葛向彬@Azhu ge xiang bin@4主编 |
| 801 | 0 | @aCN@bTSSF@c20050913 |
| 905 | @a10447@dTB13@e30=2 | |
| 工程物理学/诸葛向彬主编.-2版.-杭州:浙江大学出版社,2003 |
| 513页:图;26cm |
| 新世纪高等院校本科精品教材·公共基础类.-浙江省高等教育重点建设教材 |
| ISBN 7-308-03254-X:CNY51.00 |
| 本书共分为28章,内容包括:质点运动学,动量、动量守恒定律,能量、能量守恒定律,角动量、角动量守恒定律,刚体力学,万有引力,相对论等。 |
| ● |
| 相关链接 |
|
|
|
|
正题名:工程物理学
索取号:TB13/30=2
 
预约/预借
| 序号 | 登录号 | 条形码 | 馆藏地/架位号 | 状态 | 备注 |
| 1 | 0360836 | 3608368 | 第二样本阅览室/ [索取号:TB13/30=2] | 在馆 | |
| 2 | 0360837 | 3608377 | 第三借阅区/ [索取号:TB13/30=2] | 在馆 |